Statistics for Guess the 1970s song lyrics #254

Click here to take the quiz!

General Stats

  • This quiz has been taken 11 times
  • The average score is 138 of 223

Answer Stats

Answer% Correct
Cat
90%
cat
90%
a
80%
I
80%
scratch
80%
the
80%
The
80%
to
80%
when
80%
And
70%
and
70%
do
70%
don't
70%
fever
70%
go
70%
he
70%
It
70%
it
70%
know
70%
of
70%
that
70%
where
70%
doctor
60%
for
60%
from
60%
gave
60%
good
60%
got
60%
how
60%
I'm
60%
It's
60%
me
60%
no
60%
oh
60%
see
60%
They
60%
they
60%
was
60%
Well
60%
went
60%
You
60%
you
60%
bad
50%
but
50%
come
50%
cure
50%
first
50%
hand
50%
I've
50%
just
50%
make
50%
man
50%
need
50%
some
50%
sure
50%
their
50%
think
50%
time
50%
with
50%
you're
50%
comin
40%
door
40%
free
40%
give
40%
going
40%
lovin
40%
more
40%
my
40%
next
40%
old
40%
pussy
40%
ten
40%
them
40%
they're
40%
won't
40%
years
40%
doin
30%
feel
30%
gettin
30%
insane
30%
kitty
30%
makes
30%
nothin
30%
pain
30%
purr
30%
stroke
30%
bed
20%
dangerous
20%
hope
20%
train
20%
choo
10%
cry
10%
grown
10%

Score Distribution

Percentile by Number Answered

Percent of People with Each Score

Your Score History

You have not taken this quiz